| 000 | 00411nam a2200169 a 4500 | ||
|---|---|---|---|
| 005 | 20140310183235.0 | ||
| 008 | 040712s19uu xx 00 eng d | ||
| 050 |
_aRC 485 _b.N277 1991 |
||
| 100 | _aNTTC | ||
| 245 |
_aNon-maleficence : _bbioethics1 / _cNTTC. |
||
| 260 | _c1991. | ||
| 300 |
_a26 p. : _c22 cm. |
||
| 650 | _aMedical ethics. | ||
| 942 |
_cBK _2lcc _kLOC |
||
| 999 |
_c20545 _d20545 |
||